logo

Bir Sreshtho Munshi Abdur Rouf Library
Jhenaidah Cadet College

General Knowledge Genius: (Record no. 11769)

MARC details
000 -LEADER
fixed length control field 00827nam a2200277 a 4500
001 - CONTROL NUMBER
JCCL Control Number 11769
003 - CONTROL NUMBER IDENTIFIER
JCCL marc code BD-JhCC
005 - DATE AND TIME OF LATEST TRANSACTION
control field 20200903122305.0
008 - FIXED-LENGTH DATA ELEMENTS--GENERAL INFORMATION
fixed length control field 200903b2019 enka|||| ||a| 001 0 eng d
020 ## - INTERNATIONAL STANDARD BOOK NUMBER
International Standard Book Number 9780241336243
035 ## - SYSTEM CONTROL NUMBER
system control number (BD-JhCC)11769
040 ## - CATALOGING SOURCE
Original cataloging agency BD-JhCC
Modifying agency BD-JhCC
041 ## - LANGUAGE CODE
Language code of Book eng
082 ## - DEWEY DECIMAL CLASSIFICATION NUMBER
Classification number 032
Author mark and Year CHR 2019
100 ## - MAIN ENTRY--PERSONAL NAME
Personal name Chrisp,Peter
245 ## - TITLE STATEMENT
Title General Knowledge Genius:
Remainder of title A Quiz Encyclopedia To Boost Your Brain /
Statement of responsibility, etc Peter Chrisp, Clive Gifford, Derek Harvey, Andrea Mills, John Woodward
260 ## - PUBLICATION, DISTRIBUTION, ETC. (IMPRINT)
Place of publication, distribution, etc London:
Name of publisher, distributor, etc Dorling Kindersley Limited;
Date of publication, distribution, etc 2019.
300 ## - PHYSICAL DESCRIPTION
Pagination 192 p. :
Other physical details ill;
Dimensions 26 cm.
650 ## - SUBJECT ADDED ENTRY--TOPICAL TERM
Topical term or geographic name as entry element Children's questions and answers
700 ## - ADDED ENTRY--PERSONAL NAME
Personal name Gifford,Clive
700 ## - ADDED ENTRY--PERSONAL NAME
Personal name Harvey, Derek
700 ## - ADDED ENTRY--PERSONAL NAME
Personal name Mills, Andrea
700 ## - ADDED ENTRY--PERSONAL NAME
Personal name Woodward,John
942 ## - ADDED ENTRY ELEMENTS (KOHA)
Source of classification or shelving scheme Dewey Decimal Classification
Koha item type Books
Holdings
Source of classification or shelving scheme Damaged status Not for loan Home library Current library Shelving location Date of accession Cost, normal purchase price Total Checkouts Full call number Barcode Date last seen Copy number Koha item type
Dewey Decimal Classification   Not For Loan JCC Rouf Library JCC Rouf Library General Stacks 09/03/2020 898.00   032 CHR 2019 16008 09/03/2020 C-1 Books

JCC Library | Contacts | JCC Home

Last Update on 23 September 2017
Copyright @ 2017-2020 JCC Rouf Library
Rouf Library, Jhenidah Cadet College (JCC), Bangladesh